000 01178nam a2200241 i 4500
001 112717
003 ES-MaACL
005 20251124121300.0
007 t|
008 061121s1913 sp r ||||1| spa d
080 _a821.134.2-2"18"
100 1 _aNovo y Colson, Pedro de,
_d1846-1931
_986091
245 1 0 _aTeatro de Pedro Novo y Colson /
_ccon un prólogo del Excmo. Sr. D. Francisco F. de Béthencourt.
260 _aMadrid :
_b[s.n.],
_c1913 (
_fImp. de los Hijos de M.G. Hernández)
300 _aXVI, 796, LIV p. ;
_c24 x 16 cm.
505 8 _aContiene: La manta del caballo ; Vasco Núñez de Balboa ; Corazón de hombre ; Hombre de corazón ; Un archimillonario ; La bofetada ; Todo por ella ; El pródigo ; Estado y marina ; Altezas del honor ; Los garrochistas ; Una hora en la terraza ; La presa del león ; Las bodas de Camacho el Rico ; Apéndice
530 _aDisponible en formato digital.
700 0 _aFernández de Bethencourt, Francisco,
_d1851-1916
_949629
852 4 _aES-MaACL
_jF-7632
_cDEPO2
856 4 _uhttp://bdh-rd.bne.es/viewer.vm?id=0000068704&page=1
_y(Biblioteca Digital Hispánica)
942 _2udc
999 _c112717
_d112717